DOS, the complete reference / (Record no. 541776)

000 -LEADER
fixed length control field 00626cam a2200181 a 4500
020 ## - INTERNATIONAL STANDARD BOOK NUMBER
International Standard Book Number 0078814979
082 00 - DEWEY DECIMAL CLASSIFICATION NUMBER
Classification number 005.43
Author Mark MIL
-- D
100 1# - MAIN ENTRY--PERSONAL NAME
Personal name Jamsa, Kris,
9 (RLIN) 29170
245 10 - TITLE STATEMENT
Title DOS, the complete reference /
Statement of responsibility, etc. Kris Jamsa.
250 ## - EDITION STATEMENT
Edition statement 2nd ed.
260 ## - PUBLICATION, DISTRIBUTION, ETC.
Place of publication, distribution, etc. Berkeley :
Name of publisher, distributor, etc. Osborne McGraw-Hill,
Date of publication, distribution, etc. c1990.
300 ## - PHYSICAL DESCRIPTION
Extent xxi, 1278 p. :
Other physical details ill. ;
Dimensions 22 cm.
500 ## - GENERAL NOTE
General note "A comprehensive desktop resource for all IBM PC users. Covers all PC-DOS and MS-DOS versions through 3.3"--Cover.
526 ## - STUDY PROGRAM INFORMATION NOTE
Program name 0
Interest level 0
Reading level 0
Title point value 005_430000000000000_MIL
650 #0 - SUBJECT ADDED ENTRY--TOPICAL TERM
Topical term or geographic name entry element IBM Personal Computer
General subdivision Programming.
9 (RLIN) 36814
650 #0 - SUBJECT ADDED ENTRY--TOPICAL TERM
Topical term or geographic name entry element MCE
9 (RLIN) 379
942 ## - ADDED ENTRY ELEMENTS (KOHA)
Source of classification or shelving scheme
Koha item type Book
Holdings
Withdrawn status Lost status Source of classification or shelving scheme Damaged status Not for loan Permanent Location Current Location Date acquired Total Checkouts Full call number Barcode Date last seen Price effective from Koha item type
          Military College of Engineering (MCE) Military College of Engineering (MCE) 08/28/2013   005.43 MIL MCE-34644 08/28/2013 08/28/2013 Book
© 2023 Central Library, National University of Sciences and Technology. All Rights Reserved.